[Event "SVK-chT1E 1617"]
[Site "Slovakia"]
[Date "2016.11.19"]
[Round "3.4"]
[White "Cech, Dominik"]
[Black "Hagara, Martin"]
[Result "1-0"]
[WhiteElo "2214"]
[BlackElo "2135"]
[PlyCount "80"]
[EventDate "2016.10.15"]
[EventType "team-tourn"]
[EventRounds "11"]
[EventCountry "SVK"]
[SourceTitle "EXT 2018"]
[Source "ChessBase"]
[SourceDate "2017.10.13"]
[SourceVersion "1"]
[SourceVersionDate "2017.10.13"]
[SourceQuality "1"]
[WhiteTeam "Michalovce Zemplin"]
[BlackTeam "Kezmarok"]
[WhiteTeamCountry "SVK"]
[BlackTeamCountry "SVK"]

1. e4 e6 2. d4 f5 3. exf5 exf5 4. Bd3 d6 5. Qf3 Nc6 6. c3 Qf6 7. Nh3 Nge7 8. 0-0 Bd7 9. a4 h6 10. Nf4 g5 11. Nd5 Nxd5 12. Qxd5 0-0-0 13. b4 f4 14. a5 Ne7 15. Qf3 Bc6 16. Be4 Bxe4 17. Qxe4 d5 18. Qe2 Nf5 19. Re1 Bg7 20. Ra2 Nd6 21. Qe6+ Qxe6 22. Rxe6 Rhe8 23. Rxe8 Rxe8 24. Kf1 Kd7 25. Re2 Rf8 26. f3 Nb5 27. Bb2 Rf6 28. Ke1 Rc6 29. Kd2 Nd6 30. Kd3 Nc4 31. Bc1 a6 32. g3 Rf6 33. gxf4 gxf4 34. Rg2 Bf8 35. Rg4 Bd6 36. Na3 Nxa3 37. Bxa3 Rf5 38. Bc1 h5 39. Rg6 Be7 40. Bd2 Rg5 1-0

[Event "SVK-chT1E 1314"]
[Site "Slovakia"]
[Date "2014.03.23"]
[Round "11.3"]
[White "Bunda, Viktor"]
[Black "Hagara, Martin"]
[Result "1-0"]
[WhiteElo "2345"]
[BlackElo "2160"]
[PlyCount "83"]
[EventDate "2013.10.12"]
[EventType "team-tourn"]
[EventRounds "11"]
[EventCountry "SVK"]
[SourceTitle "EXT 2015"]
[Source "ChessBase"]
[SourceDate "2014.11.20"]
[SourceVersion "1"]
[SourceVersionDate "2014.11.20"]
[SourceQuality "1"]
[WhiteTeam "Michalovce Zemplin"]
[BlackTeam "Kezmarok"]
[WhiteTeamCountry "SVK"]
[BlackTeamCountry "SVK"]

1. c4 b6 2. d4 Nf6 3. Nc3 Bb7 4. Nf3 e6 5. a3 c5 6. d5 exd5 7. cxd5 d6 8. e4 Nbd7 9. Bf4 a6 10. a4 Be7 11. Bd3 Ng4 12. 0-0 Nge5 13. Nxe5 dxe5 14. Be3 0-0 15. Qd2 Bd6 16. Rac1 Qe7 17. Bg5 f6 18. Bh4 Rf7 19. Nb1 Qf8 20. Na3 h5 21. f3 g5 22. Bf2 h4 23. Nc4 a5 24. Rc3 Ba6 25. Ne3 Bc8 26. Rb3 Rh7 27. Nf5 Ba6 28. Bxa6 Rxa6 29. Rc1 Nb8 30. Qe2 Rb7 31. Nxd6 Qxd6 32. Bxc5 Qd7 33. Qb5 Rc7 34. Be3 Raa7 35. Qxd7 Nxd7 36. Rc6 Rab7 37. Rb5 Nc5 38. Bxc5 bxc5 39. Rxc7 Rxc7 40. Rxa5 Rb7 41. Rb5 Ra7 42. a5 1-0

[Event "SVK-chT1E 1314"]
[Site "Slovakia"]
[Date "2014.03.01"]
[Round "8.4"]
[White "Hrnciar, Roman"]
[Black "Hagara, Martin"]
[Result "1/2-1/2"]
[WhiteElo "2081"]
[BlackElo "2160"]
[PlyCount "145"]
[EventDate "2013.10.12"]
[EventType "team-tourn"]
[EventRounds "11"]
[EventCountry "SVK"]
[SourceTitle "EXT 2015"]
[Source "ChessBase"]
[SourceDate "2014.11.20"]
[SourceVersion "1"]
[SourceVersionDate "2014.11.20"]
[SourceQuality "1"]
[WhiteTeam "Dolny Kubin"]
[BlackTeam "Kezmarok"]
[WhiteTeamCountry "SVK"]
[BlackTeamCountry "SVK"]

1. f4 b6 2. Nf3 Bb7 3. b3 Nf6 4. e3 e6 5. Bb2 d6 6. c4 Nbd7 7. Be2 Be7 8. 0-0 0-0 9. Qc2 c5 10. Nc3 Re8 11. Rae1 Nf8 12. d4 d5 13. cxd5 exd5 14. Bb5 N8d7 15. Ne5 a6 16. Bd3 Nf8 17. g4 cxd4 18. exd4 Rc8 19. Qg2 Bb4 20. Re3 Bxc3 21. Bxc3 Rxc3 22. Bxh7+ N6xh7 23. Rxc3 f6 24. Nd3 Re4 25. Rfc1 a5 26. f5 Ba6 27. Qg3 Ng5 28. h4 Nf7 29. Nf2 Rxd4 30. Qe3 Re4 31. Nxe4 dxe4 32. Qxe4 Ne5 33. g5 Bd3 34. Rd1 Bxe4 35. Rxd8 Bxf5 36. gxf6 gxf6 37. Rd6 Nfd7 38. Kf2 Kf7 39. Kg3 Ke7 40. Rd4 Nc5 41. Re3 Bg6 42. a3 Ke6 43. b4 axb4 44. Rxb4 Ncd7 45. a4 Kd5 46. Rb5+ Kc6 47. Reb3 Bf7 48. Rb1 Bg6 49. Rh1 Nc5 50. h5 Bh7 51. Rb4 Ne4+ 52. Kg2 Nd3 53. Rc4+ Ndc5 54. Re1 Kb7 55. h6 Ka6 56. Rd4 Ka5 57. Rc1 Nb3 58. Rc7 Nxd4 59. Rxh7 Ng5 60. Ra7+ Kb4 61. Ra6 Kc5 62. a5 bxa5 63. Rxa5+ Nb5 64. Kg3 Kb6 65. Ra8 Nd6 66. Kg4 Nde4 67. Kf5 Kc5 68. Ra6 Kd5 69. Rxf6 Nxf6 70. Kxf6 Nh7+ 71. Kg6 Nf8+ 72. Kg7 Ne6+ 73. Kf6 1/2-1/2

[Event "SVK-chT2D 1314"]
[Site "Slovakia"]
[Date "2014.01.12"]
[Round "6.1"]
[White "Hagara, Martin"]
[Black "Zambor, Norbert"]
[Result "1/2-1/2"]
[WhiteElo "2160"]
[BlackElo "2303"]
[PlyCount "74"]
[EventDate "2013.10.19"]
[EventType "team-tourn"]
[EventRounds "11"]
[EventCountry "SVK"]
[SourceTitle "EXT 2015"]
[Source "ChessBase"]
[SourceDate "2014.11.20"]
[SourceVersion "1"]
[SourceVersionDate "2014.11.20"]
[SourceQuality "1"]
[WhiteTeam "Kezmarok II"]
[BlackTeam "Margecany"]
[WhiteTeamCountry "SVK"]
[BlackTeamCountry "SVK"]

1. e4 c5 2. b3 Nc6 3. Bb2 e5 4. Nc3 d6 5. Bc4 Nf6 6. d3 Be7 7. Nge2 0-0 8. 0-0 a6 9. Nd5 Nxd5 10. Bxd5 Nb4 11. Nc3 Bg5 12. Bc1 Bxc1 13. Qxc1 Nxd5 14. Nxd5 Be6 15. Ne3 d5 16. exd5 Bxd5 17. Nxd5 Qxd5 18. Qe3 Rfe8 19. Rfe1 Re6 20. Qe4 Rd8 21. Qxd5 Rxd5 22. Re2 g5 23. Rae1 Kg7 24. Re3 f6 25. g4 b5 26. Re4 Rd4 27. Kg2 a5 28. Kf3 Rc6 29. Rd1 Kf7 30. h4 gxh4 31. Rh1 Kg6 32. Rxh4 h6 33. Rh1 Rc8 34. Ke3 b4 35. a4 Rd5 36. Rh5 Rf8 37. Rf5 Re8 1/2-1/2

[Event "SVK-chT1E 1314"]
[Site "Slovakia"]
[Date "2013.12.15"]
[Round "6.4"]
[White "Haring, Viktor"]
[Black "Hagara, Martin"]
[Result "1-0"]
[WhiteElo "2109"]
[BlackElo "2160"]
[PlyCount "79"]
[EventDate "2013.10.12"]
[EventType "team-tourn"]
[EventRounds "11"]
[EventCountry "SVK"]
[SourceTitle "EXT 2015"]
[Source "ChessBase"]
[SourceDate "2014.11.20"]
[SourceVersion "1"]
[SourceVersionDate "2014.11.20"]
[SourceQuality "1"]
[WhiteTeam "Banska Bystrica TH"]
[BlackTeam "Kezmarok"]
[WhiteTeamCountry "SVK"]
[BlackTeamCountry "SVK"]

1. e4 b6 2. d4 Bb7 3. Bd3 Nf6 4. Nd2 Nc6 5. c3 e5 6. d5 Ne7 7. Ne2 Ng6 8. 0-0 h5 9. c4 h4 10. Nb3 a5 11. a4 Bd6 12. Bg5 Rh5 13. Qc1 Qe7 14. g4 hxg3 15. fxg3 0-0-0 16. Nc3 Rh3 17. Nb5 Rdh8 18. Rf2 Bc5 19. Nxc5 Qxc5 20. Be3 Qb4 21. Qd1 c6 22. Nc3 Ba6 23. Na2 Qd6 24. c5 bxc5 25. Bxa6+ Kd8 26. Bf1 R3h7 27. Nc3 cxd5 28. exd5 e4 29. Rg2 Rxh2 30. Bg5 Rh1+ 31. Kf2 Qe5 32. Bxf6+ Qxf6+ 33. Ke2 Qf3+ 34. Kd2 e3+ 35. Kc2 Qf5+ 36. Qd3 Qe5 37. d6 f6 38. Qa6 Ke8 39. Qa8+ Kf7 40. Bc4+ 1-0

[Event "SVK-chT1E 1314"]
[Site "Slovakia"]
[Date "2013.12.14"]
[Round "5.4"]
[White "Krak, Tomas"]
[Black "Hagara, Martin"]
[Result "1-0"]
[WhiteElo "2301"]
[BlackElo "2160"]
[PlyCount "57"]
[EventDate "2013.10.12"]
[EventType "team-tourn"]
[EventRounds "11"]
[EventCountry "SVK"]
[SourceTitle "EXT 2015"]
[Source "ChessBase"]
[SourceDate "2014.11.20"]
[SourceVersion "1"]
[SourceVersionDate "2014.11.20"]
[SourceQuality "1"]
[WhiteTeam "Prakovce"]
[BlackTeam "Kezmarok"]
[WhiteTeamCountry "SVK"]
[BlackTeamCountry "SVK"]

1. d4 Nf6 2. c4 e6 3. Nc3 b6 4. Nf3 Bb7 5. g3 d5 6. Bg2 Bd6 7. 0-0 0-0 8. e4 Nxe4 9. Nxe4 dxe4 10. Ng5 Be7 11. Nxe4 Nc6 12. Be3 Rb8 13. Qd2 a5 14. Rfd1 a4 15. Rac1 a3 16. b3 Nb4 17. f3 Rc8 18. Nc3 Bc6 19. d5 exd5 20. Nxd5 Bxd5 21. cxd5 Bd6 22. Rc4 Re8 23. Bf2 Na6 24. b4 Qe7 25. Bh3 Bxb4 26. d6 Qd8 27. Rxb4 Nxb4 28. d7 Rb8 29. dxe8Q+ 1-0

[Event "SVK-chT2D 0809"]
[Site "Slovakia"]
[Date "2008.11.08"]
[Round "3.3"]
[White "Sremanak, Slavomir"]
[Black "Hagara, Martin"]
[Result "0-1"]
[WhiteElo "2145"]
[BlackElo "2176"]
[PlyCount "82"]
[EventDate "2008.10.11"]
[EventType "team-tourn"]
[EventRounds "11"]
[EventCountry "SVK"]
[SourceTitle "EXT 2010"]
[Source "ChessBase"]
[SourceDate "2010.11.25"]
[SourceVersion "1"]
[SourceVersionDate "2010.11.25"]
[SourceQuality "1"]
[WhiteTeam "Presov Prvy Sk"]
[BlackTeam "Kezmarok KdV II"]
[WhiteTeamCountry "SVK"]
[BlackTeamCountry "SVK"]

1. d4 d5 2. e4 e6 3. Nc3 dxe4 4. Nxe4 Bd7 5. Bd3 Bc6 6. Nf3 Nd7 7. Qe2 Ngf6 8. Neg5 h6 9. Nxe6 fxe6 10. Bg6+ Ke7 11. Bf5 Qe8 12. Bxe6 Bxf3 13. gxf3 Kd8 14. Bf4 Nh5 15. Be3 Bd6 16. Bf5 Nf4 17. Qd2 Rf8 18. Be4 Nf6 19. Bxb7 Rb8 20. Ba6 Rxb2 21. 0-0-0 Rb6 22. Qa5 Bb4 23. Qf5 Nd7 24. Qg4 Rg6 25. Rhg1 Rxg4 26. Rxg4 g5 27. Bb5 Rf5 28. Bc6 Ne2+ 29. Kb2 Bc3+ 30. Kb3 Qe7 31. d5 Rxf3 32. d6 Qe6+ 33. Rc4 Ne5 34. dxc7+ Kxc7 35. Bd5+ Nxc4 36. Bxe6 Nxe3 37. fxe3 Rxe3 38. Bg4 Bf6+ 39. c3 Rxc3+ 40. Kb4 Be7+ 41. Kb5 a6+ 0-1